| 000 | 01477nam0a22003131 4500 | ||
|---|---|---|---|
| 001 | rc\3386006 | ||
| 005 | 20230824131919.0 | ||
| 021 |
_aRU _b[74-20964] |
||
| 035 | _a(NLR Aleph) 007536557 | ||
| 090 |
_a7771286 _c7771286 |
||
| 100 | _a20130115d1974 |||y0rusy50 ca | ||
| 101 | 0 | _arus | |
| 102 | _aRU | ||
| 105 | _ay z ||||| | ||
| 200 | 1 |
_aОбеспечить дальнейшее увеличение производства и заготовок овощей, картофеля и фруктов в республике _eДокл. первого секр. ЦК Компартии Азербайджана тов. Г.А. Алиева на Пленуме ЦК КП Азербайджана 20 ноября 1973 г. |
|
| 210 |
_aБаку _cАзернешр _d1974 |
||
| 215 |
_a43 с. _d20 |
||
| 300 | _aНа обл. авт. не указан | ||
| 606 |
_aПлодоводство _yАзербайджанская ССР _2psbo |
||
| 606 |
_aОвощеводство _yАзербайджанская ССР _2psbo |
||
| 606 |
_aКартофелеводство _yАзербайджанская ССР _2psbo |
||
| 700 | 1 |
_aАлиев _bГ. А. _f1923- _gГейдар Алиевич |
|
| 712 | 0 | 2 |
_aКоммунистическая партия Азербайджана _bЦК _bПленум _f1973, ноябрь _3RU\NLR\AUTH\880476204 |
| 801 | 0 |
_aRU _bNLR _gpsbo |
|
| 801 | 1 |
_aRU _bELAR _2rusmarc |
|
| 852 |
_aNLR _j73-4/49790 |
||
| 942 | _cBOOK | ||
| 980 | _aNB | ||